000 00313nam a22001457a 4500
008 210303b ||||| |||| 00| 0 eng d
020 _a9781927359860
041 _aeng
080 _a004
082 _a004
100 _a29
101 _aSHKI
245 _aMastercam training Guide
_cManton,M
942 _2udc
_cBK
999 _c55632
_d55632